LEADER 00752nam a2200217 a 4500 001 000000146661 003 CaOOAMICUS 005 20151020124932.0 008 151020s1964 it a u000 u ita r 032 $aLibriCat 040 $aPUL$bita 245 00$aFrancescane missionarie di Maria. 260 $a[S.l. :$bs.n.],$c1961$e(Roma :$fSO.GRA.RO.) 300 $a47 p. :$bill. ;$c31 cm. 650 04$aMissioni cattoliche.$0(OLS)http://pul/subject/7697 850 $aPUL 852 $aPUL$W1$xDP1 Religione 1$y20$m642 G 3$j169597$qStampati$B170374$CPULBib$Z2$F170374 $81 941 1 $a8 996 $6245$aFrancescane missionarie di Maria$9(OLS)http://pul/title/185301 996 $6260$a[S.l. :$bs.n.]$9(OLS)http://pul/publisher/81594 LEADER 01745nam a2200265 a 4500 001 000000162831 003 CaOOAMICUS 005 20170920105541.0 008 170920s1994 it m 001 u eng r 032 $aLibriCat 040 $aPUL$bita 100 1 $aBelizar, Eutiquio Baula.$0(OLS)http://pul/name/104519 245 10$aJohn Paul II's vision of the local church and its role in societal transformation :$ba study of the papal pronouncements on the subject from 1978 to 1988, including the pre-papal ecclesiology and the encyclical letters Redemptoris Missio (Dec. 7, 1990) and Centesimus Annus (May 1, 1991) /$cauctore Eutiquio Baula Belizar, JR. 260 $aRoma :$bPontificia Università Gregoriana,$c1994. 300 $avi, 7-178 p. ;$c24 cm. 502 $aEstratto da tesi -- Pontificia Universitas Gregoriana. Facultas theologiae. 1994. 504 $aBibliografia in nota. 600 04$aIohannes Paulus PP.$bII,$cs.,$d1920-2005$xPensiero politico e sociale.$0(OLS)http://pul/subject/8318 710 2 $aPontificia Università Gregoriana.$bFacoltà di teologia.$kTesi.$0(OLS)http://pul/name/81592 850 $aPUL 852 $aPUL$W1$xDP1 Tesi Pon. Univ. Gregoriana$y40$mTH PUG 4038$j186804$qTesi$B190049$CPULBib$Z2$F190049 $H72685 $82 941 1 $a16 996 $6245$aJohn Paul II's vision of the local church and its role in societal transformation :$ba study of the papal pronouncements on the subject from 1978 to 1988, including the pre-papal ecclesiology and the encyclical letters Redemptoris Missio (Dec. 7, 1990) and Centesimus Annus (May 1, 1991)$9(OLS)http://pul/title/202574 996 $6260$aRoma :$bPontificia Università Gregoriana$9(OLS)http://pul/publisher/47853